| Поле | Название | Значение |
| |
Тип записи |
a |
| |
Библиографический уровень |
m |
| 001 |
Контрольный номер |
f5c65ebbd974403fb7efed8cb18d295b |
| 005 |
Дата корректировки |
20230213130647.5 |
| 010 |
Индекс ISBN |
__ |
| a |
ISBN |
978-5-904525-41-5 |
| d |
Цена |
500-00 |
| 100 |
Данные общей обработки |
__ |
| a |
Данные общей обработки |
20220818d2020####|||y0rusy50######ca |
| 101 |
Язык документа |
0_ |
| a |
Язык текста |
rus |
| c |
Язык оригинала |
rus |
| 102 |
Страна публикации |
__ |
| a |
Страна публикации |
RU |
| 200 |
Заглавие и сведения об ответственности |
1_ |
| a |
Заглавие |
Черный Мыс. Место памяти |
| e |
Сведения, относящиеся к заглавию |
сборник статей и воспоминаний |
| f |
Первые сведения об ответственности |
Сургутская городская общественная организация лиц, пострадавших от политических репрессий, "Наша Память" |
| g |
Последующие сведения об ответственности |
Муниципальное бюджетное учреждение культуры "Сургутский краеведческий музей" |
| g |
Последующие сведения об ответственности |
составители: Ракчеева Л. М., Шаймиева Л. И. |
| g |
Последующие сведения об ответственности |
научный редактор Иванов А. С. |
| g |
Последующие сведения об ответственности |
под общей редакцией: Т. А. Исаевой, П. А. Акимова |
| 210 |
Выходные данные |
1_ |
| a |
Место издания |
Сургут |
| c |
Издательство |
Издательско-полиграфический комплекс |
| d |
Дата издания |
2020 |
| 215 |
Физическое описание |
__ |
| a |
Объем |
335 с. |
| c |
Иллюстрации/тип воспроизводства |
фот. |
| 300 |
Общие примечания |
__ |
| a |
Общие примечания |
Автограф |
| 320 |
Библиография |
__ |
| a |
Библиография |
Библиография: с. 296-302 |
| 320 |
Библиография |
__ |
| a |
Библиография |
Именной указатель: с. 303-323 |
| 320 |
Библиография |
__ |
| a |
Библиография |
Пояснительный словарь: с. 324-333 |
| 320 |
Библиография |
__ |
| a |
Библиография |
Список сокращений: с. 334-335 |
| 330 |
Аннотация |
__ |
| a |
Аннотация |
Статьи по истории поселка Черный Мыс - одного из крупнейших спецпоселков Сургутского района. В 30-е годы 20 в. он был построен раскулаченными и сосланными на поселение крестьянами. Издание охватывает период с 30-х до 50-х годов 20 в. |
| 517 |
Другие варианты заглавия |
1_ |
| a |
Другие варианты заглавия |
Место памяти |
| 606 |
Тематические рубрики |
__ |
| z |
Хронологическая подрубрика |
1930-1950 гг. |
| y |
Географическая подрубрика |
Россия |
| y |
Географическая подрубрика |
Ханты-Мансийский автономный округ - Югра |
| y |
Географическая подрубрика |
Сургут |
| y |
Географическая подрубрика |
Черный Мыс, поселок |
| a |
Основная рубрика |
История |
| 606 |
Тематические рубрики |
__ |
| a |
Основная рубрика |
История отдельных местностей России |
| 610 |
Ключевые слова |
0_ |
| a |
Ключевые слова |
краеведение |
| a |
Ключевые слова |
раскулачивание |
| a |
Ключевые слова |
спецпереселенцы |
| a |
Ключевые слова |
спецпоселения |
| a |
Ключевые слова |
депортации |
| a |
Ключевые слова |
герои Великой Отечественной войны |
| a |
Ключевые слова |
участники Великой Отечественной войны |
| 686 |
Индексы других классификаций |
__ |
| a |
Индекс ББК |
к63.3(2Рос-6Хан-2Сургут) |
| 702 |
Вторичная интеллектуальная ответственность |
_1 |
| a |
Фамилия |
Ракчеева |
| b |
Имя |
Л. М. |
| g |
Полное личное имя |
Любовь Михайловна |
| 702 |
Вторичная интеллектуальная ответственность |
_1 |
| a |
Фамилия |
Шаймиева |
| b |
Имя |
Л. И. |
| g |
Полное личное имя |
Лилия Индусовна |
| 702 |
Вторичная интеллектуальная ответственность |
_1 |
| a |
Фамилия |
Иванов |
| b |
Имя |
А. С. |
| g |
Полное личное имя |
Александр Сергеевич |
| 702 |
Вторичная интеллектуальная ответственность |
_1 |
| a |
Фамилия |
Исаева |
| b |
Имя |
Т. А. |
| g |
Полное личное имя |
Татьяна Александровна |
| 702 |
Вторичная интеллектуальная ответственность |
_1 |
| a |
Фамилия |
Акимов |
| b |
Имя |
П. А. |
| g |
Полное личное имя |
Павел Александрович |
| 801 |
Источник записи |
_0 |
| a |
Страна |
RU |
| b |
Организация |
Центральная районная библиотека им. Г. А. Пирожникова |
| g |
Правила каталогизации |
bzbo |
| c |
Дата составления |
20220818 |
| 801 |
Источник записи |
_1 |
| a |
Страна |
RU |
| b |
Организация |
Центральная районная библиотека им. Г. А. Пирожникова |
| g |
Правила каталогизации |
bzbo |
| c |
Дата составления |
20220818 |
| 852 |
Данные о местонахождении |
__ |
| j |
Шифр хранения |
63.3(2Рос-6Хан-2Сургут) |
| i |
Авторский знак |
Ч-496 |
| 900 |
Макрообъекты |
__ |
| a |
Макрообъекты |
Чёпный мыс. Место памяти |
| 900 |
Макрообъекты |
__ |
| a |
Макрообъекты |
Чёрный мыс. Место памяти автограф |
| 901 |
Тип документа |
__ |
| t |
Тип документа |
m |
| 902 |
Роль лиц |
__ |
| a |
Создатель БЗ |
ОКиО/Колмакова |